00572nam a2200205 a 4500001001300000003000900013005001700022008004100039020000900080082001700089100003000106245002900136260004800165300001000213500003500223505003700258650002300295700002000318700002800338nice12345678IN_TiNIC20260116012645.0050524s1980 dela grp 000 0 eng  ac1500a297.122bIRV aIrving, Thomas Ballantine aQuranb Basic Teachings. aDelhibMarkazi Maktaba Jamat-E-Islamic1980 a280p. aincludes index and biblioraphy2 aIshaat-E-Islam Trust Pub. No.469 aQuran-Appreciation1 aAhmad, Khurshid1 aAhsan, Muhammad Manazir